000 01799nam0a22002891 4500
001 v19\rc\1305155
005 20250620060427.0
035 _a(NLR Aleph) 005202105
090 _a5320670
_c5320670
100 _a20060512d1898 |||y0rusy50 ca
101 0 _arus
102 _aRU
105 _ay z |||||
200 1 _aДетальный проект организации опытных полей на участках Особой экспедиции Лесного департамента
_f[соч.] П. Баракова
210 _a[Санктпетербург
_d1898]
215 _a23 с.
_d32
309 _aБез тит. л. и обл.
311 _aОтт. из Трудов экспедиции, снаряженной Лесным деп. под руковод. проф. В.В. Докучаева. Сборный отд. Вып. Спб., 1898
316 _aЭкз. РНБ на шифре ВЭО, 97/5/2: с автогр. авт.
_5NLR: ВЭО, 97/5/2
488 0 _12001#$aТруды экспедиции, снаряженной Лесным департаментом под руководством проф. В.В. Докучаева$eСборный отд. Вып.
_1210##$aСанкт-Петербург$d1898
_171201$3RU\NLR\AUTH\889931782$aРоссия$bЛесной департамент$bОсобая экспедиция$f1892-1899$4570
_tТруды экспедиции, снаряженной Лесным департаментом под руководством проф. В.В. Докучаева
700 1 _aБараков
_bП. Ф.
_f1858-1919
_gПетр Федорович
801 0 _aRU
_bNLR
_c20060512
_gpsbo
801 1 _aRU
_bProSoft-M
_c20060512
_2rusmarc
801 2 _aRU
_bNLR
_c20110419
_2rusmarc
852 _aNLR
_bВЭО
_j97/5/2
942 _cBOOK
980 _aNB